Detalles MARC
| 000 -LEADER |
| fixed length control field |
03072nam a2200553Ii 4500 |
| 001 - CONTROL NUMBER |
| control field |
DIGIBE0254 |
| 003 - CONTROL NUMBER IDENTIFIER |
| control field |
NyNyDIG |
| 007 - PHYSICAL DESCRIPTION FIXED FIELD--GENERAL INFORMATION |
| fixed length control field |
cr ||||||||||| |
| 008 - FIXED-LENGTH DATA ELEMENTS--GENERAL INFORMATION |
| fixed length control field |
180105s2011 sp ob 001 0 eng d |
| 006 - FIXED-LENGTH DATA ELEMENTS--ADDITIONAL MATERIAL CHARACTERISTICS |
| fixed length control field |
m o d |
| 035 ## - SYSTEM CONTROL NUMBER |
| System control number |
(OCoLC)954007390 |
| 040 ## - CATALOGING SOURCE |
| Original cataloging agency |
DGITA |
| Language of cataloging |
eng |
| Description conventions |
rda |
| -- |
pn |
| Transcribing agency |
DGITA |
| 020 ## - INTERNATIONAL STANDARD BOOK NUMBER |
| Canceled/invalid ISBN |
9788484894810 |
| Qualifying information |
(Iberoamericana) |
| 020 ## - INTERNATIONAL STANDARD BOOK NUMBER |
| Canceled/invalid ISBN |
8484894819 |
| Qualifying information |
(Iberoamericana) |
| 020 ## - INTERNATIONAL STANDARD BOOK NUMBER |
| Canceled/invalid ISBN |
9781936353026 |
| Qualifying information |
(Iberoamericana Vervuert Publishing) |
| 020 ## - INTERNATIONAL STANDARD BOOK NUMBER |
| Canceled/invalid ISBN |
1936353024 |
| Qualifying information |
(Iberoamericana Vervuert Publishing) |
| 043 ## - GEOGRAPHIC AREA CODE |
| Geographic area code |
s-pe--- |
| 050 14 - LIBRARY OF CONGRESS CALL NUMBER |
| Classification number |
F2510 eBook |
| 100 1# - MAIN ENTRY--PERSONAL NAME |
| Personal name |
Preuss, Ori, |
| Relator term |
author. |
| 245 10 - TITLE STATEMENT |
| Title |
Bridging the island : |
| Remainder of title |
Brazilians' views of Spanish America and themselves, 1865-1912 / |
| Statement of responsibility, etc. |
Ori Preuss. |
| 264 #1 - PRODUCTION, PUBLICATION, DISTRIBUTION, MANUFACTURE, AND COPYRIGHT NOTICE |
| Place of production, publication, distribution, manufacture |
Madrid : |
| Name of producer, publisher, distributor, manufacturer |
Iberoamericana ; |
| Place of production, publication, distribution, manufacture |
Orlando : |
| Name of producer, publisher, distributor, manufacturer |
Iberoamericana Vervuert Publishing ; |
| Place of production, publication, distribution, manufacture |
Frankfurt am Main : |
| Name of producer, publisher, distributor, manufacturer |
Vervuert, |
| Date of production, publication, distribution, manufacture, or copyright notice |
2011. |
| 300 ## - PHYSICAL DESCRIPTION |
| Extent |
1 online resource. |
| 336 ## - CONTENT TYPE |
| Content type term |
text |
| Content type code |
txt |
| Source |
rdacontent |
| 337 ## - MEDIA TYPE |
| Media type term |
computer |
| Media type code |
c |
| Source |
rdamedia |
| 338 ## - CARRIER TYPE |
| Carrier type term |
online resource |
| Carrier type code |
cr |
| Source |
rdacarrier |
| 490 1# - SERIES STATEMENT |
| Series statement |
Tiempo emulado. |
| -- |
Historia de América y España ; |
| Volume/sequential designation |
12 |
| 504 ## - BIBLIOGRAPHY, ETC. NOTE |
| Bibliography, etc. note |
Includes bibliographical references and index. |
| 505 0# - FORMATTED CONTENTS NOTE |
| Formatted contents note |
The island of Brazil and Spanish America : first bridges, 1865-1888 -- The end of slavery and the hopeful beginnings of a Latin American consciousness in Brazil -- The end of the monarchy and the unwelcome Hispano-Americanization of Brazil -- Close encounters of the peripheral kind : Luso-Hispano-American interaction in the Age of Empire and the ideologization of "Latin America" -- Recreating the island, maintaining the bridges : Rio Branco, Spanish America, and the myth of paz e concórdia. |
| 520 ## - SUMMARY, ETC. |
| Summary, etc. |
Explores the interplay between Brazilian interpretations of the national Self and the Spanish-American Other during the critical years spanning the demise of slavery and monarchy. |
| 588 0# - SOURCE OF DESCRIPTION NOTE |
| Source of description note |
Online resource; title from PDF title page (Digitalia, viewed January 5, 2018) |
| 650 #0 - SUBJECT ADDED ENTRY--TOPICAL TERM |
| Topical term or geographic name entry element |
National characteristics, Brazilian |
| General subdivision |
History |
| Chronological subdivision |
19th century. |
| 650 #0 - SUBJECT ADDED ENTRY--TOPICAL TERM |
| Topical term or geographic name entry element |
National characteristics, Brazilian |
| General subdivision |
History |
| Chronological subdivision |
20th century. |
| 650 #0 - SUBJECT ADDED ENTRY--TOPICAL TERM |
| Topical term or geographic name entry element |
National characteristics, Latin American |
| General subdivision |
History |
| Chronological subdivision |
19th century. |
| 650 #0 - SUBJECT ADDED ENTRY--TOPICAL TERM |
| Topical term or geographic name entry element |
National characteristics, Latin American |
| General subdivision |
History |
| Chronological subdivision |
20th century. |
| 650 #0 - SUBJECT ADDED ENTRY--TOPICAL TERM |
| Topical term or geographic name entry element |
Public opinion |
| Geographic subdivision |
Brazil |
| General subdivision |
History. |
| 651 #0 - SUBJECT ADDED ENTRY--GEOGRAPHIC NAME |
| Geographic name |
Brazil |
| General subdivision |
Relations |
| Geographic subdivision |
Latin America. |
| 651 #0 - SUBJECT ADDED ENTRY--GEOGRAPHIC NAME |
| Geographic name |
Latin America |
| General subdivision |
Relations |
| Geographic subdivision |
Brazil. |
| 651 #0 - SUBJECT ADDED ENTRY--GEOGRAPHIC NAME |
| Geographic name |
Latin America |
| General subdivision |
Foreign public opinion, Brazilian. |
| 651 #0 - SUBJECT ADDED ENTRY--GEOGRAPHIC NAME |
| Geographic name |
Brazil |
| General subdivision |
Civilization. |
| 651 #0 - SUBJECT ADDED ENTRY--GEOGRAPHIC NAME |
| Geographic name |
Brazil |
| General subdivision |
History |
| Chronological subdivision |
1889-1930. |
| 655 #0 - INDEX TERM--GENRE/FORM |
| Genre/form data or focus term |
Electronic books. |
| 791 2# - |
| -- |
Digitalia (Firm), |
| -- |
distributor. |
| 793 0# - |
| -- |
Digitalia eBook Collection: |
| -- |
Iberoamericana/Vervuert |
| 776 08 - ADDITIONAL PHYSICAL FORM ENTRY |
| Relationship information |
Print version: |
| Main entry heading |
Preuss, Ori. |
| Title |
Bridging the island. |
| Place, publisher, and date of publication |
Madrid : Iberoamericana ; Frankfurt am Main : Vervuert, 2011 |
| International Standard Book Number |
9788484894810 |
| Record control number |
(DLC) 2011000873 |
| -- |
(OCoLC)698029405 |
| 830 #0 - SERIES ADDED ENTRY--UNIFORM TITLE |
| Uniform title |
Tiempo emulado ; |
| Volume/sequential designation |
12. |
| 856 40 - ELECTRONIC LOCATION AND ACCESS |
| Materials specified |
Digitalia Hispánica |
| Uniform Resource Identifier |
<a href="https://www.digitaliapublishing.com/a/46605/">https://www.digitaliapublishing.com/a/46605/</a> |
| 910 ## - USER-OPTION DATA (OCLC) |
| User-option data |
Premium Collection: 2018 |
| 942 ## - ADDED ENTRY ELEMENTS (KOHA) |
| Koha item type |
Recurso Electrónico |